000 04774nam a2200481Ia 4500
001 dia_6464
003 CHAP
005 20240801121246.0
007 ta
008 220601s2017 mx do frm 001 0 spa d
040 _amxchpua
_cCHAP
041 0 _aspa
_beng
090 _aTesis
_bR363
_c2017
100 1 _aRamírez Mejia, Judith Ismene
245 1 0 _aControl poscosecha de Penicillium digitatum en limón persa (Citrus latifolia Tan) mediante tratamientos térmicos /
_cJudith Ismene Ramírez Mejia
264 _aChapingo, México :
_bEl autor,
_c2017
300 _aix, 70 hojas :
_bgráficas, tablas, fotos +
_e1 CD-ROM
336 _2rdacontent
_atexto
_btxt
337 _2rdamedia
_ano mediado
_bn
338 _2rdacarrier
_avolumen
_bnc
500 _aEl CD contiene reporte
502 _aTesis
_b(Ingeniero Agroindustrial) --
_cUACh. Departamento de Ingeniería Agroindustrial,
_d2017
504 _aBibliografía: hojas 47-52
520 3 _aLa pérdida poscosecha de la producción citrícola es generado en un 70 % principalmente por los hongos, lo cual es un riesgo en la economía del país. El presente trabajo tuvo como objetivo controlar la presencia de Penicillium digitatum en el fruto del limón persa mediante la aplicación de tratamientos hidrotérmicos. Para la realización del experimento se ocuparon 200 limones para evaluar los parámetros de incidencia, pérdida de peso, severidad de la enfermedad y 200 limones más para las variables destructivas las cuales fueron % de acidez, °Brix, textura, color. El experimento consistió en aislar el hongo en cajas de petri, se realizó la preparación del inóculo, se inocularon los limones sanos y se incubaron a temperatura ambiente. Al día siguiente los limones se sometieron en agua caliente a 55 ° C durante 3,4 y 5 min, de la misma manera 66 y 70 ° C durante 20.30, 40 S, y se colocaron en charolas de plásticos para ser evaluadas. Los resultados obtenidos indican que los tratamientos a una temperatura 70°C, 20, 30 y 40 s presentan un cambio en la coloración del fruto debido a la alta temperatura a la que estos son sometidos, los tratamientos a 55 °C, a 3, 4 y 5 min no afectan la calidad del fruto, ya que no hubo diferencias significativas en color, acidez, ° brix. En cuanto al color sí hubo diferencias significativas ya que los frutos del limón al someterse a una temperatura de 70 °C la cáscara se obscurece, en el caso de la incidencia, severidad y pérdida de peso se presentaron diferencias significativas. --
520 3 _aThe post-harvest loss of citrus production is generated in 70% mainly by fungi, the Which is a risk in the country's economy. The present work had as objective to control the presence of Penicillium digitatum in the Persian lemon fruit by the application of hydrothermal treatments. For the realization of the experiment 200 lemons were occupied for evaluate the parameters of incidence, weight loss, severity of the disease and 200 more lemons for the destructive variables which were% of acidity, ° Brix, texture, color. The experiment consisted in isolating the fungus in petris boxes, the inoculum was prepared, the healthy lemons were inoculated and incubated at room temperature. The following day the lemons were subjected in hot water to 55 ° C for 3.4 and 5 min, in the same manner 66 and 70 ° C for 20,30,40 S, and placed in plastic trays for evaluation. The results indicate that the treatments at a temperature of 70 ° C, 20, 30 and 40 s present a change in the coloration of the fruit due to the high temperature to which they are submitted, the treatments at 55 ° C, at 3, 4 and 5 min did not affect the quality of the fruit, since there were no significant differences in color, acidity, ° Brix. As for the color, there were significant differences as the fruits of the lemon when they were submitted to a temperature of 70 ° C the fruits were burned, In the case of incidence, severity and weight loss, there were significant differences.
650 1 3 _aCitrus latifolia
_2atg
650 1 3 _aLimones
_xEnfermedades postcosecha
_2atg
650 1 3 _aTratamiento postcosecha
_2atg
650 1 3 _aTratamiento térmico
_2atg
650 1 3 _aPenicillium digitatum
_2atg
650 1 3 _aLemons
_xPostharvest diseases
650 1 3 _aPostharvest treatment
_2atg
650 1 3 _aHeat treatment
_2atg
700 1 _aMena Nevárez, Gustavo
_edirector
700 1 _aSánchez Carrillo, Román
_easesor
700 1 _aPérez López, Artemio
_easesor
856 4 1 _uhttp://10.13.5.2/tesis/sist113861.pdf
_yDESCARGAR PDF
901 _aTESIS R363 2017
902 _aM
905 _a5232272017 mx nmdl8223123322spa16
942 _cTESIS
_2Clasificación Universidad Autónoma Chapingo
999 _c209654
_d209654